| 000 | 00997nam a2200253 a 4500 | ||
|---|---|---|---|
| 001 | 000004809 | ||
| 005 | 20250221073754.0 | ||
| 008 | 090727s1999 dr d 000 0 spa d | ||
| 040 |
_aDO-SdBNP _bspa _cBNPHU |
||
| 082 |
_a362.28 _bH241a |
||
| 100 | 1 |
_aHanley, Gustavo _913963 |
|
| 245 | 1 | 3 |
_aEl acto suicida : _bpsiquiatría, psicología y sociología / _cGustavo Hanley ; prólogo César Mella. |
| 260 |
_aSanto Domingo : _bONE, _c1999. |
||
| 300 |
_a159 p. : _bdiagr. ; _c23 cm. |
||
| 500 | _aIncluye referencias bibliográficas y notas al pie de las páginas | ||
| 504 | _aBibliografía: p. 153-159 | ||
| 590 | _aInventariado, 2018/ YL | ||
| 650 | 4 |
_aSuicidio _zRepública Dominicana _xHistoria _913964 |
|
| 650 | 4 |
_aSuicidio _zRepública Dominicana _xEstadísticas _913965 |
|
| 650 | 4 |
_aSuicidio _xAspectos sociales _913966 |
|
| 700 | 1 |
_aMella, César, _epról. _911674 |
|
| 710 | 1 |
_aRepública Dominicana. _bOficina Nacional de Estadística _95775 |
|
| 910 | _aValidado. Control de calidad MMOLINA | ||
| 999 |
_c4615 _d4615 |
||